Normal view
MARC view
Entry Personal Name
001 - CONTROL NUMBER
- control field: 14667
003 - CONTROL NUMBER IDENTIFIER
- control field: OSt
005 - DATE AND TIME OF LATEST TRANSACTION
- control field: 20250306223723.0
008 - FIXED-LENGTH DATA ELEMENTS
- fixed length control field: 250306|| aca||aabn | a|a d
040 ## - CATALOGING SOURCE
- Original cataloging agency: OSt
- Transcribing agency: OSt
100 ## - HEADING--PERSONAL NAME
- Personal name: Granada, Marifer Joy P., author
670 ## - SOURCE DATA FOUND
- Source citation: Work cat.: (OSt): Granada, Marifer Joy P., author., Factors Affecting the Performance of the Education Graduates of CvSU - Rosario in the L.E.T., SY 2006-2010 /, 2013
